Quest beyond religion / (Record no. 125352)

MARC details
000 -LEADER
fixed length control field 00667nam a22002537a 4500
003 - CONTROL NUMBER IDENTIFIER
control field 0
005 - DATE AND TIME OF LATEST TRANSACTION
control field 20180729110022.0
008 - FIXED-LENGTH DATA ELEMENTS--GENERAL INFORMATION
fixed length control field 0
010 ## - LIBRARY OF CONGRESS CONTROL NUMBER
LC control number B-219785
020 ## - INTERNATIONAL STANDARD BOOK NUMBER
Terms of availability 500.00
International Standard Book Number 812207139
035 ## - SYSTEM CONTROL NUMBER
System control number B-219785, B-219787
037 ## - SOURCE OF ACQUISITION
Source of stock number/acquisition Cen Lib/Ret
040 ## - CATALOGING SOURCE
Original cataloging agency DPL
Language of cataloging EN
Transcribing agency 0
082 ## - DEWEY DECIMAL CLASSIFICATION NUMBER
Classification number 291
Item number SIN
100 ## - MAIN ENTRY--PERSONAL NAME
Personal name Singh, I.M
9 (RLIN) 90130
245 ## - TITLE STATEMENT
Title Quest beyond religion /
Statement of responsibility, etc by I.M. Singh
260 ## - PUBLICATION, DISTRIBUTION, ETC. (IMPRINT)
Place of publication, distribution, etc Delhi
Date of publication, distribution, etc 2006
Name of publisher, distributor, etc Brockampton press
270 ## - ADDRESS
City Delhi
Address A-149, Main vikas marg
300 ## - PHYSICAL DESCRIPTION
Extent xviii,315p.
Dimensions 21cm(Hb)
500 ## - GENERAL NOTE
General note Includes index
650 ## - SUBJECT ADDED ENTRY--TOPICAL TERM
Topical term or geographic name as entry element Religion
9 (RLIN) 90131
650 ## - SUBJECT ADDED ENTRY--TOPICAL TERM
Topical term or geographic name as entry element God and heaven
9 (RLIN) 13842
942 ## - ADDED ENTRY ELEMENTS (KOHA)
Source of classification or shelving scheme Dewey Decimal Classification
Koha item type English Books
Classification part 291
Call number suffix SIN
Holdings
Withdrawn status Lost status Damaged status Not for loan Home library Current library Date acquired Source of acquisition Cost, normal purchase price Total Checkouts Total Renewals Full call number Barcode Date last seen Date checked out Copy number Cost, replacement price Price effective from Koha item type Collection code Source of classification or shelving scheme
        Central Library Central Library 20/06/2015 Cen Lib/Ret 500.00 3 2 291 SIN B-219785 10/02/2025 13/12/2024 1 500.00 20/06/2015 English Books    
      Not For Loan Central Library Central Library 31/07/2015 Cen Lib/Ret 500.00     291 SIN B-219786 31/07/2015   2 500.00 31/07/2015 English Books Reference  
        Patel Nagar Patel Nagar 29/07/2018 BPPD/Pub 500.00     291 SIN B-219787 29/07/2018     500.00 29/07/2018 English Books Non-fiction Dewey Decimal Classification

© Delhi Public Library
Hit Counter
free hit counter